000
00288nam a2200109Ia 4500
008
220204s9999 xx 000 0 und d
082
_a
031.105
_b
ROW
100
_a
ROWAN, R L
245
0
_a
Readings in labour economics and labour relation
260
_a
Illinois
_b
Richard
_c
1976
942
_c
BK
999
_c
24896
_d
24896